Géographie de la France par lettre - A - Statistiques

Statistiques générales
  • Ce quiz a été pris 34 931 fois
    34 666 depuis la dernière actualisation
  • Le résultat moyen est 10 sur 20
Statistiques - réponses
Question Réponse % Correct
Plus haute chaine de montagnes traversant la France Alpes
99%
Chef-lieu de la Corse Ajaccio
96%
Département n°1 Ain
94%
Ancienne région, frontalière de l'Allemagne Alsace
88%
Deuxième lac glaciaire de France, portant le nom d'une préfecture Lac d'{Annecy}
82%
Ancienne région française ayant Clermont-Ferrand pour chef-lieu Auvergne
65%
Vaste archipel qui comprend deux DROM Antilles
62%
Commune de Gironde, une vaste lagune porte son nom Arcachon
53%
Département où vous pouvez trouver Sedan Ardennes
48%
Département composé des comtés de Foix et du Couserans Ariège
42%
Territoire antarctique revendiqué découvert en 1840 par Jules Dumont d'Urville Terre {Adélie}
39%
Préfecture d'un département d'Occitanie, elle est surnommée la "ville rouge" Albi
38%
Ancienne province, correspondant à peu près au Maine-et-Loire Anjou
31%
Petite île de Charente-Maritime, à proximité de Fort-Boyard Île d'{Aix}
30%
Signification des A de TAAF (nommez-en un) Australes/Antarctiques
25%
Commune la plus de peuplée de Guadeloupe Les {Abymes}
18%
Fleuve du sud-ouest de la France se jetant dans l'Atlantique entre Tarnos et Anglet Adour
16%
Région historique de la France avec Arras pour capitale Artois
13%
Région naturelle française s'étendant principalement sur la Lozère et l'Aveyron Aubrac
11%
Sous-préfecture bourguignonne à proximité du Morvan fondée par Auguste Autun
10%
Aucun quiz correspondant
Distribution des résultats
% des personnes avec chaque résultat
Percentile par nombre de réponses
Votre historique - résultats
Vous n’avez pas pris ce quiz depuis la dernière actualisation